Administración de operaciones: casos y conceptos contemporáneos
Guardat en:
| Autor principal: | |
|---|---|
| Format: | Llibre |
| Idioma: | espanyol |
| Publicat: |
Ciudad de México
McGraw-Hill Interamericana
2005
|
| Edició: | 2a. ed |
| Matèries: | |
| Etiquetes: |
Afegir etiqueta
Sense etiquetes, Sigues el primer a etiquetar aquest registre!
|
MARC
| LEADER | 00000nam a2200000 a 4500 | ||
|---|---|---|---|
| 001 | UCK4056 | ||
| 003 | CL-VaPUC | ||
| 005 | 20240910110006.0 | ||
| 008 | 050520e20050000MX |||||||||||||||||spa|d | ||
| 020 | |a 9701046536 | ||
| 040 | |c Pontificia Universidad Católica de Valparaíso | ||
| 082 | 0 | 4 | |a 658.4 SCH 2005 |2 21 |
| 100 | 0 | |a Schroeder, Roger G |e author |9 492441 | |
| 245 | 1 | 0 | |a Administración de operaciones: casos y conceptos contemporáneos |
| 250 | |a 2a. ed | ||
| 260 | |a Ciudad de México |b McGraw-Hill Interamericana |c 2005 | ||
| 300 | |a 601 p | ||
| 583 | |a last modification |c 20170509 09:41:13 |k Rodrigo Vera | ||
| 650 | 7 | |a GESTION DE OPERACIONES |2 CL-VaPUC |9 492442 | |
| 650 | 0 | |a Planificación estratégica |9 259735 | |
| 650 | 0 | |a Producción |x Planificación |9 260672 | |
| 650 | 0 | |a Toma de decisiones |9 257530 | |
| 650 | 0 | |a Control de calidad |9 259714 | |
| 942 | |c BK |2 ddc | ||
| 945 | |d 20050520 00:00:00 |a cmena | ||
| 999 | |c 313032 |d 313030 | ||
| 952 | |0 0 |1 0 |4 0 |6 658_400000000000000_SCH_2005 |7 0 |8 R |9 384087 |a BIBENE |b BIBENE |d 2019-11-22 |i 4129296 |o 658.4 SCH 2005 |p 4129296 |r 2025-01-15 |w 2019-11-22 |y BK_R |k ICO | ||
| 952 | |0 0 |1 0 |4 0 |6 658_400000000000000_SCH_2005 |7 0 |8 R |9 410718 |a BIBENE |b BIBENE |d 2019-11-22 |i 4384482 |o 658.4 SCH 2005 |p 4384482 |r 2025-01-15 |w 2019-11-22 |y BK_R |k ICO | ||
| 952 | |0 0 |1 0 |4 0 |6 658_400000000000000_SCH_2005 |7 0 |8 R |9 410719 |a BIBENE |b BIBENE |d 2019-11-22 |i 439576K |l 1 |o 658.4 SCH 2005 |p 439576K |r 2025-01-15 |s 2024-11-05 |w 2019-11-22 |y BK_R |k ICO | ||